| 000 | 00900nas a2200301 4500 | ||
|---|---|---|---|
| 001 | BR0600191 | ||
| 003 | BR-BrBNA | ||
| 005 | 20231205105749.0 | ||
| 007 | ta | ||
| 008 | 230509b bl.|||p| |||| 00| 00por d | ||
| 040 |
_aBR-BrBNA _bpor _cBiblioteca Nacional de Agricultura |
||
| 041 | _a(Pt) | ||
| 072 | _aL02; L53 | ||
| 100 | 1 | _aMontanholi, Y.R. | |
| 100 | 1 | _aBarcellos, J.O.J. | |
| 100 | 1 | _aRosa, J.R.P. | |
| 100 | 1 | _aCosta, E.C. da | |
| 100 | 1 | _aWunsch, C. | |
| 245 | 1 | _aSistemas de alimentação durante o acasalamento outonal de vacas primíparas com cria ao pé | |
| 650 | _aVACA | ||
| 650 | _aRAÇÃO | ||
| 650 | _aPASTAGEM NATIVA | ||
| 650 | _aACASALAMENTO | ||
| 650 | _aCONDIÇÃO CORPORAL | ||
| 773 | 0 |
_tPesquisa Agropecuária Gaúcha (Brazil) _xISSN 0104-9070 _g(2005), v. 11(1-2) p. 91-96 _wBR0600191 |
|
| 909 |
_a202311 _bLúcia _c55 _dLúcia Elande |
||
| 942 |
_2AGRIS _n0 _cANA |
||
| 999 |
_c184553 _d184553 |
||